[Event "warm up to 2000 II"]
[Site "SchemingMind.com"]
[Date "2006.10.30"]
[Round "-"]
[White "KaliYuga"]
[Black "reptile"]
[Result "1-0"]
[WhiteCountry "IRL"]
[BlackCountry "ISR"]
[WhiteElo "1892"]
[WhiteRD "70"]
[BlackElo "1894"]
[BlackRD "73"]
[GameID "74320"]

1. d4 Nf6 2. Bg5 e6 3. e4 Be7 4. Nd2 d5 5. e5 Nfd7 6. Bxe7 Qxe7 7. f4 b6 8. Bd3 c5 9. c3 O-O 10. Ngf3 Ba6
11. c4 f6 12. O-O Nc6 13. cxd5 Bxd3 14. dxc6 Bxf1 15. Qxf1 Nb8 16. exf6 gxf6 17. Re1 Qd6 18. c7 Nd7 19. Qc4 Rfe8 20. f5 Nf8
21. dxc5 bxc5 22. Ne4 Qxc7 23. Nxf6+ Kg7 24. Qc3 Kh6 25. Qe3+ Kg7 26. Qg5+ Kf7 27. Ne5+
1-0

[Event "warm up to 2000 II"]
[Site "SchemingMind.com"]
[Date "2006.10.30"]
[Round "-"]
[White "reptile"]
[Black "KaliYuga"]
[Result "0-1"]
[WhiteCountry "ISR"]
[BlackCountry "IRL"]
[WhiteElo "1805"]
[WhiteRD "86"]
[BlackElo "1872"]
[BlackRD "77"]
[GameID "74321"]

1. e4 c5 2. Nf3 Nc6 3. d4 cxd4 4. Nxd4 Nf6 5. Nc3 d6 6. Bc4 g6 7. Nxc6 bxc6 8. e5 Ng4 9. e6 f5 10. O-O d5
11. Nxd5 Bxe6 12. Qd4 Rg8 13. Nf6+ exf6 14. Qxd8+ Rxd8 15. Bxe6 Rg7 16. h3 Ne5 17. Be3 Bb4 18. a3 Ba5 19. Rfd1 Re7 20. Rxd8+ Bxd8
21. Bb3 Bb6 22. Bd2 Nd7 23. Kf1 Nc5 24. Bc4 Ne4 25. Bb4 c5 26. Be1 f4 27. Rd1 f3 28. gxf3 Ng5 29. Kg2 Nf7 30. Bb5+ Kf8
31. Bc3 Kg7 32. a4 Bc7 33. b4 Bd6 34. bxc5 Bxc5 35. Rd5 Bd6 36. Bd4 Be5 37. Bxe5 Nxe5 38. f4 Nf7 39. Kf3 f5 40. c4 Nh6
41. c5 Rc7 42. Rd7+ Rxd7 43. Bxd7 Kf6 44. Ke3 Ke7 45. Bb5 Nf7 46. Kd4 Nd8
0-1

[Event "warm up to 2000 II"]
[Site "SchemingMind.com"]
[Date "2006.11.06"]
[Round "-"]
[White "BogusAurelius"]
[Black "reptile"]
[Result "1-0"]
[WhiteCountry "USA"]
[BlackCountry "ISR"]
[WhiteElo "1958"]
[WhiteRD "71"]
[BlackElo "1932"]
[BlackRD "80"]
[GameID "75230"]

1. e4 c5 2. Nf3 Nc6 3. d4 cxd4 4. Nxd4 Nf6 5. Nc3 d6 6. Bc4 Bd7 7. Bb3 e6 8. Be3 a6 9. Qe2 Be7 10. O-O-O Na5
11. g4 Nxb3+ 12. axb3 d5 13. exd5 Nxd5 14. Nxd5 exd5 15. g5 O-O 16. Rhg1 Rc8 17. Kb1 Re8 18. Qf3 Qa5 19. h4 g6 20. h5 Be6
21. hxg6 hxg6 22. Rh1 Bd7 23. Rh7 Rf8 24. Qh1 Bxg5 25. Rh8+
1-0

[Event "warm up to 2000 II"]
[Site "SchemingMind.com"]
[Date "2006.11.05"]
[Round "-"]
[White "BogusAurelius"]
[Black "KaliYuga"]
[Result "1-0"]
[WhiteCountry "USA"]
[BlackCountry "IRL"]
[WhiteElo "1942"]
[WhiteRD "76"]
[BlackElo "1875"]
[BlackRD "73"]
[GameID "75231"]

1. e4 c5 2. Nf3 d6 3. d4 cxd4 4. Nxd4 Nf6 5. Nc3 g6 6. Be3 Bg7 7. f3 Nc6 8. Qd2 Bd7 9. Bc4 O-O 10. O-O-O Rb8
11. h4 b5 12. Ncxb5 Na5 13. Na3 Qb6 14. Bb3 Rfc8 15. Kb1 Qc7 16. Bh6 Nxb3 17. axb3 Bh8 18. h5 a5 19. hxg6 fxg6 20. Bg5 a4
21. b4 Qb7 22. c3 Rc7 23. Rh4 e5 24. Ndc2 Ne8 25. Ne3 Be6 26. Nd5 Bxd5 27. Qxd5+ Qxd5 28. Rxd5 Bg7 29. Ra5 Bf6 30. Bxf6 Nxf6
31. Rxa4 g5 32. Rh1 h5 33. Ra6 Rd8 34. Rd1 Ne8 35. c4 Rdc8 36. b3 Rc6 37. Ra7 R8c7 38. Rxc7 Rxc7 39. b5 Kf7 40. Nc2 Ke6
41. Ne3 Ng7 42. Kb2 h4 43. Nd5 Rb7 44. Ra1 Nh5 45. Ra8 Nf4 46. Nxf4+ gxf4 47. Kc3 Rg7 48. c5 dxc5 49. Ra6+ Kf7 50. Ra7+
1-0

[Event "warm up to 2000 II"]
[Site "SchemingMind.com"]
[Date "2006.11.06"]
[Round "-"]
[White "reptile"]
[Black "BogusAurelius"]
[Result "1/2-1/2"]
[WhiteCountry "ISR"]
[BlackCountry "USA"]
[WhiteElo "1947"]
[WhiteRD "76"]
[BlackElo "1914"]
[BlackRD "66"]
[GameID "75232"]

1. d4 d5 2. c4 e6 3. Nf3 Nf6 4. Bg5 Bb4+ 5. Nc3 h6 6. Bh4 dxc4 7. e3 b5 8. Be2 Nbd7 9. Qc2 c6 10. O-O a6
11. Ne4 Be7 12. Rfd1 Nxe4 13. Bxe7 Qxe7 14. Qxe4 Bb7 15. a4 O-O 16. h4 Nb6 17. axb5 cxb5 18. Qg4 Na4 19. Rxa4 bxa4 20. Bxc4 Qb4
21. Ne5 Qxb2 22. Nd7 a3 23. Nf6+ Kh8 24. Nh5 Rg8 25. Rf1 Rac8 26. Bd3 a2 27. Nf4 Rc1 28. Ng6+ Kh7 29. Nf8+ Kh8=
1/2-1/2

[Event "warm up to 2000 II"]
[Site "SchemingMind.com"]
[Date "2006.11.06"]
[Round "-"]
[White "KaliYuga"]
[Black "BogusAurelius"]
[Result "0-1"]
[WhiteCountry "IRL"]
[BlackCountry "USA"]
[WhiteElo "1892"]
[WhiteRD "70"]
[BlackElo "1928"]
[BlackRD "74"]
[GameID "75233"]

1. d4 Nf6 2. Bg5 d5 3. Bxf6 exf6 4. e3 Bd6 5. c4 dxc4 6. Bxc4 O-O 7. Nc3 c5 8. Nge2 Nc6 9. d5 Ne5 10. Bb3 Re8
11. e4 c4 12. Bc2 Nd3+ 13. Bxd3 cxd3 14. Qxd3 f5 15. O-O fxe4 16. Nxe4 Bf5 17. N2c3 Rxe4 18. Nxe4 Qh4 19. g3 Qxe4 20. Qxe4 Bxe4
21. Rfd1 f5 22. Rac1 Kf7 23. Kf1 g5 24. Rc3 g4 25. h3 h5 26. hxg4 hxg4 27. Rb3 b6 28. Re3 Kf6 29. a3 Rc8 30. b4 Rc2
31. Ke1 Ke5 32. Rb3 Ra2 33. Rd2 Ra1+ 34. Ke2 Bxd5 35. Re3+ Be4 36. Rd1 Rxd1 37. Kxd1 Kd4 38. Kd2 f4 39. Rb3 b5 40. gxf4 Bxf4+
41. Ke2 Kc4 42. Rg3 Bxg3 43. fxg3 Kd4 44. Kd2 Bd3
0-1

[Event "warm up to 2000 II"]
[Site "SchemingMind.com"]
[Date "2006.11.06"]
[Round "-"]
[White "keen"]
[Black "reptile"]
[Result "0-1"]
[WhiteCountry "SCO"]
[BlackCountry "ISR"]
[WhiteElo "1744"]
[WhiteRD "63"]
[BlackElo "1932"]
[BlackRD "80"]
[GameID "75268"]

1. e4 Nf6 2. e5 Nd5 3. d4 d6 4. c4 Nb6 5. exd6 cxd6 6. Nc3 g6 7. h4 h5 8. Be3 Bg7 9. Bd3 Nc6 10. Qd2 Nxd4
11. Nf3 Nxf3+ 12. gxf3 Be6 13. b3 Qc8 14. Rc1 Nd7 15. Rg1 Ne5 16. Be2 Qd7 17. c5 d5 18. Bd4 O-O 19. Qg5 Bf5 20. Bxe5 Bxe5
21. Qxh5 Bxc3+ 22. Rxc3 d4 23. Rc4 d3 24. Rcg4 Kg7 25. Bd1 d2+ 26. Kf1 Qd3+ 27. Kg2 Bxg4 28. Qxg4 Rh8 29. Kh3 Rh6 30. Kh2 Rah8
0-1

[Event "warm up to 2000 II"]
[Site "SchemingMind.com"]
[Date "2006.11.06"]
[Round "-"]
[White "keen"]
[Black "KaliYuga"]
[Result "0-1"]
[WhiteCountry "SCO"]
[BlackCountry "IRL"]
[WhiteElo "1730"]
[WhiteRD "57"]
[BlackElo "1925"]
[BlackRD "70"]
[GameID "75269"]

1. e4 c5 2. Nf3 d6 3. d4 cxd4 4. Nxd4 Nf6 5. Nc3 g6 6. Be3 Bg7 7. f3 Nc6 8. Qd2 Bd7 9. Bc4 O-O 10. O-O-O Rb8
11. g4 b5 12. Bb3 Na5 13. h4 Nc4 14. Qd3 Nxe3 15. Qxe3 b4 16. Nce2 Qb6 17. Qd2 Rfc8 18. h5 Rc5 19. hxg6 hxg6 20. Nf4 e5
21. Nxg6 exd4 22. g5 d5 23. gxf6 Qxf6 24. Qh2 fxg6 25. Qxb8+ Kf7 26. Bxd5+ Rxd5 27. exd5 d3 28. Qxb4 dxc2 29. Rdg1 Qxf3 30. Qd2 Bf5
31. d6 Qb7 32. b3 Qc6 33. Rf1 Qc5 34. Rxf5+ gxf5 35. d7 Qa3+ 36. Kxc2 Qxa2+ 37. Kd3 Qa6+ 38. Ke3 Bh6+ 39. Rxh6 Qxh6+ 40. Kd3 Qxd2+
41. Kxd2 Ke7
0-1

[Event "warm up to 2000 II"]
[Site "SchemingMind.com"]
[Date "2006.11.06"]
[Round "-"]
[White "keen"]
[Black "BogusAurelius"]
[Result "0-1"]
[WhiteCountry "SCO"]
[BlackCountry "USA"]
[WhiteElo "1730"]
[WhiteRD "67"]
[BlackElo "1974"]
[BlackRD "72"]
[GameID "75270"]

1. e4 c5 2. Nf3 Nc6 3. d4 cxd4 4. Nxd4 Nf6 5. Nc3 d6 6. Bc4 Qb6 7. Nb3 e6 8. O-O Be7 9. Be3 Qc7 10. f4 a6
11. Bd3 b5 12. f5 Ne5 13. fxe6 fxe6 14. Qe2 O-O 15. Nd4 Nc4 16. Bxc4 Qxc4 17. Qxc4 bxc4 18. Nc6 Re8 19. Nxe7+ Rxe7 20. Bg5 Rb8
21. b3 cxb3 22. axb3 Rc7 23. Rf3 Rxc3 24. Rxc3 Nxe4 25. Rxc8+ Rxc8 26. Be3 Rxc2 27. Rxa6 Re2
0-1

[Event "warm up to 2000 II"]
[Site "SchemingMind.com"]
[Date "2006.11.06"]
[Round "-"]
[White "reptile"]
[Black "keen"]
[Result "0-1"]
[WhiteCountry "ISR"]
[BlackCountry "SCO"]
[WhiteElo "1802"]
[WhiteRD "70"]
[BlackElo "1771"]
[BlackRD "66"]
[GameID "75271"]

1. d4 Nf6 2. c4 g6 3. g3 Bg7 4. Bg2 O-O 5. Nc3 d6 6. Nf3 Nc6 7. O-O e5 8. dxe5 dxe5 9. Bg5 h6 10. Qxd8 Rxd8
11. Bxf6 Bxf6 12. Nd5 Bg7 13. Nxc7 Rb8 14. e4 b6 15. Rad1 Bb7 16. Nd5 Nd4 17. h4 Ne6 18. Rfe1 Kf8 19. Nh2 Nd4 20. f4 exf4
21. gxf4 Ne6 22. f5 Nf4 23. fxg6 Nxg6 24. h5 Nh4 25. Ng4 Nxg2 26. Kxg2 Rbc8 27. b3 Bc6 28. e5 b5 29. e6 Re8 30. exf7 Kxf7
31. Rxe8 Rxe8 32. Rf1+ Kg8 33. Kh3 Re2 34. Rf2 Re1 35. Rg2 bxc4 36. bxc4 Bd7 37. Kh4 Re4 38. Ne3 Kh7 39. Rf2 Be6 40. Kg3 Bxg4
41. Nxg4 Rxc4 42. Nf6+ Bxf6 43. Rxf6 Ra4 44. Rf7+ Kg8 45. Rf2 Kg7 46. Kg2 Ra5 47. Rc2 Kf6 48. Kg3 Kg5 49. Kf3 Kxh5 50. Rh2+ Kg6
51. Rg2+ Rg5 52. Rc2 a5 53. Rc6+ Kh5 54. Rc2 Rf5+ 55. Kg3 Kg5 56. Rc8 Kg6 57. Rg8+ Kh5 58. Ra8 Rg5+ 59. Kh3 Rc5 60. Kg3 Rc3+
61. Kf4 Ra3 62. Rc8 Rxa2
0-1

[Event "warm up to 2000 II"]
[Site "SchemingMind.com"]
[Date "2006.11.06"]
[Round "-"]
[White "KaliYuga"]
[Black "keen"]
[Result "1-0"]
[WhiteCountry "IRL"]
[BlackCountry "SCO"]
[WhiteElo "1892"]
[WhiteRD "71"]
[BlackElo "1771"]
[BlackRD "66"]
[GameID "75272"]

1. d4 Nf6 2. Bg5 e6 3. e3 h6 4. Bxf6 Qxf6 5. c4 Nc6 6. Nc3 g5 7. Bd3 d6 8. Nge2 Bg7 9. O-O Bd7 10. Qb3 O-O-O
11. Ne4 Qe7 12. Rfc1 f5 13. N4c3 h5 14. d5 Ne5 15. Qc2 h4 16. dxe6 Bxe6 17. Bxf5 Kb8 18. Bxe6 Qxe6 19. Nd5 Rhe8 20. Nd4 Qf7
21. b4 c6 22. Nc3 Qxc4 23. Qa4 Nd3 24. Rc2 Bxd4 25. exd4 Qxd4 26. b5 Qxa4 27. Nxa4 cxb5 28. Nb2 Nb4 29. Rd2 Nxa2 30. f4 Nc3
31. fxg5 Ne4 32. Rd5 Rg8 33. Rxb5 Nxg5 34. Rba5 a6 35. Rf1 Ne4 36. Rf4 h3 37. g4 d5 38. Nd3 Nc3 39. Kf2 Ne4+ 40. Kf3 Ng5+
41. Kg3 Rd6 42. Rf5 b5 43. Nf4 Ne4+ 44. Kxh3 Nf2+ 45. Kg3 Nxg4 46. h4 Ne3+ 47. Rg5 Rxg5+ 48. hxg5 d4 49. Ra3 Nc4 50. Rb3 Ne5
51. Nd3 Ng6 52. Rb1 Rd5 53. Kg4 Ne5+ 54. Nxe5 Rxe5 55. g6 Re8 56. Kf5 d3 57. g7 d2 58. Rd1 Rd8 59. Rxd2 Rxd2 60. g8=Q+ Kb7
61. Qg7+ Kb6 62. Qf6+ Kb7 63. Qe7+ Ka8 64. Qe4+
1-0

[Event "warm up to 2000 II"]
[Site "SchemingMind.com"]
[Date "2006.11.06"]
[Round "-"]
[White "BogusAurelius"]
[Black "keen"]
[Result "1-0"]
[WhiteCountry "USA"]
[BlackCountry "SCO"]
[WhiteElo "1950"]
[WhiteRD "72"]
[BlackElo "1761"]
[BlackRD "65"]
[GameID "75273"]

1. e4 e5 2. Nf3 Nc6 3. Bb5 a6 4. Ba4 Nf6 5. O-O Nxe4 6. d4 b5 7. Bb3 d5 8. dxe5 Be6 9. c3 Be7 10. Nbd2 O-O
11. Qe2 f5 12. exf6 Rxf6 13. Nxe4 dxe4 14. Qxe4 Bxb3 15. axb3 Rg6 16. Bf4 Bd6 17. Rad1 Qe8 18. Qd5+ Qe6 19. Qxc6 Rf8 20. Bxd6 Qh3
21. Ne5 Rg5 22. Bxf8
1-0

[Event "warm up to 2000 II"]
[Site "SchemingMind.com"]
[Date "2006.11.11"]
[Round "-"]
[White "thereporter"]
[Black "reptile"]
[Result "0-1"]
[WhiteCountry "AUS"]
[BlackCountry "ISR"]
[WhiteElo "1718"]
[WhiteRD "84"]
[BlackElo "1903"]
[BlackRD "78"]
[GameID "75362"]

1. d4 Nf6 2. Nf3 g6 3. Nbd2 Bg7 4. e4 d6 5. c3 O-O 6. Bd3 Bg4 7. Qb3 Qc8 8. Ng5 c6 9. f3 Bd7 10. Bc4 e6
11. Be2 h6 12. e5 dxe5 13. dxe5 Nd5 14. Nge4 Bxe5 15. Nc4 Bg7 16. Ncd6 Qc7 17. Nxb7 Nf4 18. Bxf4 Qxf4 19. Nbd6 c5 20. Rd1 h5
21. Qc2 h4 22. g3 Qh6 23. Nf2 e5 24. Qb3 Be6 25. c4 Nc6 26. Qb7 Nd4 27. Rxd4 exd4 28. Nd3 hxg3 29. f4 gxh2 30. Qg2 Qh4+
31. Kd1 Rfd8
0-1

[Event "warm up to 2000 II"]
[Site "SchemingMind.com"]
[Date "2006.11.11"]
[Round "-"]
[White "thereporter"]
[Black "KaliYuga"]
[Result "0-1"]
[WhiteCountry "AUS"]
[BlackCountry "IRL"]
[WhiteElo "1718"]
[WhiteRD "84"]
[BlackElo "1875"]
[BlackRD "73"]
[GameID "75363"]

1. d4 Nf6 2. Nd2 d5 3. Ngf3 b6 4. e3 c5 5. c4 e6 6. Bd3 Nc6 7. O-O Bb7 8. cxd5 Nxd5 9. a3 cxd4 10. e4 Nf4
11. Bb5 a6 12. Bxc6+ Bxc6 13. Re1 Nd3 14. Re2 Bb5 15. Nb3 Nxc1 16. Nxc1 Bxe2 17. Nxe2 Bc5 18. b4 Be7 19. Nfxd4 O-O 20. f4 b5
21. Qb3 Qb6 22. e5 Rfd8 23. Rd1 Rac8 24. Kf1 Qb7 25. Qe3 Rd7 26. f5 f6
0-1

[Event "warm up to 2000 II"]
[Site "SchemingMind.com"]
[Date "2006.11.09"]
[Round "-"]
[White "thereporter"]
[Black "keen"]
[Result "1-0"]
[WhiteCountry "AUS"]
[BlackCountry "SCO"]
[WhiteElo "1987"]
[WhiteRD "96"]
[BlackElo "1730"]
[BlackRD "67"]
[GameID "75364"]

1. d4 d5 2. Nf3 Nf6 3. e3 Bg4 4. c4 e6 5. Qb3 b6 6. Ne5 Bf5 7. cxd5 Qxd5 8. Qa4+ c6 9. Nc3 Qd6 10. f4 Be7
11. Be2 O-O 12. g4 Be4 13. Nxe4 Nxe4 14. Qc2 Bh4+ 15. Kf1 Qd5 16. Rg1 Nf6 17. g5 Nfd7 18. Bc4 Qd6 19. Nf3 c5 20. dxc5 Qxc5
21. Nxh4 e5 22. g6 b5 23. gxf7+ Kh8 24. Ng6+ hxg6 25. Rg3 Qxc4+ 26. Qxc4 bxc4 27. Rh3#
1-0

[Event "warm up to 2000 II"]
[Site "SchemingMind.com"]
[Date "2006.11.09"]
[Round "-"]
[White "thereporter"]
[Black "BogusAurelius"]
[Result "1/2-1/2"]
[WhiteCountry "AUS"]
[BlackCountry "USA"]
[WhiteElo "1987"]
[WhiteRD "96"]
[BlackElo "1974"]
[BlackRD "72"]
[GameID "75365"]

1. d4 Nf6 2. Nf3 d5 3. e3 e6 4. Bd3 c5 5. c3 Nc6 6. O-O Bd6 7. Nbd2 O-O 8. e4 cxd4 9. cxd4 dxe4 10. Nxe4 Be7
11. Ng3 Nb4 12. Bb1 b6 13. Bf4 Nbd5 14. Be5 Bb7 15. Bd3 h6 16. a3 Ng4 17. Rc1 Nxe5 18. dxe5 Qd7 19. Nh5 Rad8 20. Bb1 f5
21. exf6 Nxf6 22. Qxd7 Rxd7 23. Nf4 Bd5 24. Ne5 Rb7 25. Nfg6 Re8 26. Nxe7+ Rbxe7 27. f4 Be4 28. Ng6 Rd7 29. Bxe4 Nxe4 30. Ne5 Rd2
31. b4 Red8 32. Rfe1 Nf6 33. Nc4 R2d4 34. g3 b5 35. Ne5 Rd2 36. Ra1 R8d6 37. a4 a6 38. Nf3 Rb2 39. axb5 axb5 40. Reb1 Rxb1+
41. Rxb1 Rd3 42. Ne5 Rc3=
1/2-1/2

[Event "warm up to 2000 II"]
[Site "SchemingMind.com"]
[Date "2006.11.09"]
[Round "-"]
[White "reptile"]
[Black "thereporter"]
[Result "1-0"]
[WhiteCountry "ISR"]
[BlackCountry "AUS"]
[WhiteElo "1894"]
[WhiteRD "73"]
[BlackElo "1750"]
[BlackRD "83"]
[GameID "75366"]

1. d4 Nf6 2. c4 e6 3. Nc3 Bb4 4. e3 O-O 5. Bd3 c5 6. Nf3 Nc6 7. O-O Bxc3 8. bxc3 d6 9. e4 e5 10. h3 b6
11. Bc2 exd4 12. cxd4 Nb4 13. Bb1 Bb7 14. Re1 cxd4 15. Qxd4 Nc6 16. Qe3 Rc8 17. a3 Na5 18. Nd4 Nxc4 19. Qg3 Re8 20. Nf5 g6
21. f3 d5 22. Bg5 b5 23. Qh4 Qb6+ 24. Kh1 Nh5 25. Ne7+ Rxe7 26. Bxe7 d4 27. Ra2 Ne3 28. Bg5 b4 29. axb4 Ba6 30. Be7 Nf1
31. Bc5
1-0

[Event "warm up to 2000 II"]
[Site "SchemingMind.com"]
[Date "2006.11.09"]
[Round "-"]
[White "KaliYuga"]
[Black "thereporter"]
[Result "1-0"]
[WhiteCountry "IRL"]
[BlackCountry "AUS"]
[WhiteElo "1875"]
[WhiteRD "73"]
[BlackElo "1718"]
[BlackRD "84"]
[GameID "75367"]

1. d4 Nf6 2. Bg5 Ne4 3. Bf4 c5 4. f3 Qa5+ 5. c3 Nf6 6. d5 Qb6 7. b3 e6 8. e4 d6 9. c4 Nbd7 10. Nc3 Be7
11. Bd3 Nh5 12. Bd2 Ne5 13. Qc2 Nxd3+ 14. Qxd3 O-O 15. g4 Bh4+ 16. Ke2 Nf6 17. g5 Nd7 18. f4 e5 19. f5 Qd8 20. Nf3 f6
21. g6 hxg6 22. Nxh4 g5 23. Ng6 Kf7 24. Nb5 Nb6 25. Nxf8 Qxf8 26. Nc7 Rb8 27. h4 Qe7 28. Ne6
1-0

[Event "warm up to 2000 II"]
[Site "SchemingMind.com"]
[Date "2006.11.09"]
[Round "-"]
[White "keen"]
[Black "thereporter"]
[Result "0-1"]
[WhiteCountry "SCO"]
[BlackCountry "AUS"]
[WhiteElo "1761"]
[WhiteRD "65"]
[BlackElo "2009"]
[BlackRD "119"]
[GameID "75368"]

1. e4 c5 2. Nf3 d6 3. d4 cxd4 4. Nxd4 Nf6 5. Nc3 Nc6 6. Bc4 Qb6 7. Nb3 e5 8. O-O a6 9. Be3 Qc7 10. f4 exf4
11. Bxf4 Be7 12. Nd5 Nxd5 13. exd5 Ne5 14. Be2 O-O 15. Nd4 Bd7 16. Kh1 Rfe8 17. c3 Bf6 18. Qe1 Nd3 19. Bxd3 Rxe1
0-1

[Event "warm up to 2000 II"]
[Site "SchemingMind.com"]
[Date "2006.11.09"]
[Round "-"]
[White "BogusAurelius"]
[Black "thereporter"]
[Result "1/2-1/2"]
[WhiteCountry "USA"]
[BlackCountry "AUS"]
[WhiteElo "1974"]
[WhiteRD "72"]
[BlackElo "1987"]
[BlackRD "96"]
[GameID "75369"]

1. e4 c5 2. Nf3 d6 3. d4 cxd4 4. Nxd4 Nf6 5. Nc3 Nc6 6. Bg5 g6 7. Bxf6 exf6 8. Bc4 Bg7 9. Ndb5 O-O 10. Qxd6 f5
11. O-O-O Qxd6 12. Rxd6 a6 13. Nc7 Ra7 14. f4 Na5 15. Bd3 Bxc3 16. bxc3 b5 17. Nd5 fxe4 18. Nf6+ Kg7 19. Nxe4 Rc7 20. Kd2 Bb7
21. Re1 Rfc8 22. Re3 Re7 23. Ng5 Rxe3 24. Kxe3 Nc4+ 25. Bxc4 Rxc4 26. g3 h6 27. Nxf7 Re4+ 28. Kd3 Kxf7 29. Rxa6 Bxa6 30. Kxe4 Ke6
31. c4 bxc4 32. c3 Bb7+ 33. Kd4 Kd6 34. g4 Bc8 35. h3 g5 36. fxg5 hxg5 37. Kxc4 Be6+ 38. Kd4 Bxa2 39. Ke4= Ke6 40. Kf3 Kf6=
1/2-1/2

[Event "warm up to 2000 II"]
[Site "SchemingMind.com"]
[Date "2006.11.06"]
[Round "-"]
[White "Danzino"]
[Black "reptile"]
[Result "1-0"]
[WhiteCountry "GBR"]
[BlackCountry "ISR"]
[WhiteElo "1985"]
[WhiteRD "85"]
[BlackElo "1802"]
[BlackRD "70"]
[GameID "75373"]

1. e4 e5 2. Nf3 Nc6 3. Bb5 a6 4. Bxc6 dxc6 5. O-O Qd6 6. Na3 Be6 7. Qe2 O-O-O 8. Nc4 Bxc4 9. Qxc4 Nh6 10. c3 f5
11. d4 exd4 12. Bxh6 gxh6 13. Nxd4 fxe4 14. Rfe1 Qd5 15. Qe2 Re8 16. Nc2 Bd6 17. Ne3 Qe5 18. g3 h5 19. Nc4 Qf5 20. Rad1 Re6
21. Rd4 Rhe8 22. Nd2 e3 23. fxe3 Bc5 24. Qd3 Qxd3 25. Rxd3 h4 26. Kg2 hxg3 27. hxg3 Rxe3 28. Rdxe3 Rxe3 29. Rxe3 Bxe3 30. Ne4 h6
31. Kf3 Bc1 32. b3 b6 33. Kg4 Kd8 34. Kf5 Ke7 35. c4 b5 36. g4 Be3 37. Ke5 Bg1 38. Nd2
1-0

[Event "warm up to 2000 II"]
[Site "SchemingMind.com"]
[Date "2006.11.06"]
[Round "-"]
[White "Danzino"]
[Black "KaliYuga"]
[Result "1-0"]
[WhiteCountry "GBR"]
[BlackCountry "IRL"]
[WhiteElo "1985"]
[WhiteRD "85"]
[BlackElo "1892"]
[BlackRD "71"]
[GameID "75374"]

1. e4 c5 2. Nf3 d6 3. d4 cxd4 4. Nxd4 Nf6 5. Nc3 g6 6. Be3 Bg7 7. f3 Nc6 8. Qd2 Bd7 9. Bc4 O-O 10. Bb3 Na5
11. O-O-O Nxb3+ 12. cxb3 Qa5 13. Kb1 Rfc8 14. Bh6 Bxh6 15. Qxh6 Rxc3 16. bxc3 Qxc3 17. Qd2 Rc8 18. Qxc3 Rxc3 19. Kb2 Re3 20. Rhe1 Rxe1
21. Rxe1 e5 22. Nc2 a5 23. Ne3 b5 24. Ra1 h5 25. a4 b4 26. Nc4 d5 27. exd5 Nxd5 28. Nxe5 Be6 29. Nc4 Nf4 30. Nxa5 Nxg2
31. Nc6 Nh4 32. a5 Kf8 33. Nxb4 Bc8 34. a6 Nxf3 35. a7 Bb7 36. a8=Q+ Bxa8 37. Rxa8+ Kg7 38. Nc6 Nxh2 39. b4 Nf3 40. b5 h4
41. b6 h3 42. b7 h2 43. Ra1 g5 44. b8=Q Kf6 45. Rf1
1-0

[Event "warm up to 2000 II"]
[Site "SchemingMind.com"]
[Date "2006.11.06"]
[Round "-"]
[White "Danzino"]
[Black "keen"]
[Result "1-0"]
[WhiteCountry "GBR"]
[BlackCountry "SCO"]
[WhiteElo "1859"]
[WhiteRD "89"]
[BlackElo "1761"]
[BlackRD "65"]
[GameID "75375"]

1. e4 d5 2. exd5 Nf6 3. Bb5+ Bd7 4. Be2 Nxd5 5. d4 Nb6 6. Nf3 Nc6 7. O-O g6 8. Re1 Bg7 9. h3 O-O 10. Bf4 Qc8
11. c3 Nd5 12. Bh2 Rd8 13. Nbd2 Nf6 14. Nc4 a6 15. Nce5 Bf5 16. Nxc6 bxc6 17. Ne5 Rd6 18. Bf3 Nd5 19. Nxc6
1-0

[Event "warm up to 2000 II"]
[Site "SchemingMind.com"]
[Date "2006.11.06"]
[Round "-"]
[White "Danzino"]
[Black "BogusAurelius"]
[Result "1/2-1/2"]
[WhiteCountry "GBR"]
[BlackCountry "USA"]
[WhiteElo "1919"]
[WhiteRD "93"]
[BlackElo "1958"]
[BlackRD "71"]
[GameID "75376"]

1. e4 c5 2. Nf3 Nc6 3. d4 cxd4 4. Nxd4 Nf6 5. Nc3 d6 6. Bc4 e6 7. Be3 a6 8. Qe2 Qc7 9. Bb3 Na5 10. g4 b5
11. g5 Nd7 12. O-O-O Nc5 13. Bd5 exd5 14. Nxd5 Qb7 15. b4 Nc4 16. bxc5 dxc5 17. Nf5 Be6 18. Nc3 g6 19. Nh6 Bg7 20. Qd3 Ne5
21. Qd6 Nc4 22. Qd3 Ne5 23. Qd6 Nc4=
1/2-1/2

[Event "warm up to 2000 II"]
[Site "SchemingMind.com"]
[Date "2006.11.09"]
[Round "-"]
[White "Danzino"]
[Black "thereporter"]
[Result "1-0"]
[WhiteCountry "GBR"]
[BlackCountry "AUS"]
[WhiteElo "1919"]
[WhiteRD "93"]
[BlackElo "1904"]
[BlackRD "92"]
[GameID "75377"]

1. e4 c5 2. Nf3 d6 3. d4 cxd4 4. Nxd4 Nf6 5. Nc3 Nc6 6. Bc4 Qb6 7. Nb3 e6 8. O-O a6 9. Be3 Qc7 10. f4 Be7
11. Bd3 b5 12. Qf3 O-O 13. Rae1 b4 14. Nd1 Bb7 15. Qh3 e5 16. f5 a5 17. Bg5 a4 18. Nd2 a3 19. b3 Nd4 20. Ne3 Qb6
21. Kh1 Rac8 22. Rg1 d5 23. exd5 Bc5 24. Bxf6 Qxf6 25. Ng4 Qg5 26. Ne4 Qf4 27. Ngf6+
1-0

[Event "warm up to 2000 II"]
[Site "SchemingMind.com"]
[Date "2006.11.06"]
[Round "-"]
[White "reptile"]
[Black "Danzino"]
[Result "0-1"]
[WhiteCountry "ISR"]
[BlackCountry "GBR"]
[WhiteElo "1802"]
[WhiteRD "70"]
[BlackElo "1985"]
[BlackRD "85"]
[GameID "75378"]

1. e4 c5 2. Nf3 d6 3. d4 cxd4 4. Nxd4 Nf6 5. Nc3 a6 6. Be2 e5 7. Nb3 Be7 8. Be3 Be6 9. O-O O-O 10. a4 Nc6
11. f4 exf4 12. Bxf4 d5 13. exd5 Nxd5 14. Nxd5 Bxd5 15. c4 Be6 16. Qxd8 Rfxd8 17. Rfd1 Bf6 18. Nd2 Bxb2 19. Rab1 Bd4+ 20. Kf1 Rd7
21. Nb3 Rad8 22. Bg3 Kf8 23. a5 Be3 24. Rxd7 Rxd7 25. Bf2 Bxf2 26. Kxf2 Ne5 27. Nc5 Rc7 28. Nxb7 Bxc4 29. Bxc4 Nxc4 30. Ke2 Ke7
31. Rb4 Nd6 32. Nxd6 Kxd6 33. Rb6+ Rc6 34. Rb7 Ke6 35. Ke3 h5 36. h4 g6 37. Kf4 f6 38. g3 Rc4+ 39. Kf3 Kf5 40. Rb6 Rc3+
0-1

[Event "warm up to 2000 II"]
[Site "SchemingMind.com"]
[Date "2006.11.06"]
[Round "-"]
[White "KaliYuga"]
[Black "Danzino"]
[Result "1-0"]
[WhiteCountry "IRL"]
[BlackCountry "GBR"]
[WhiteElo "1892"]
[WhiteRD "71"]
[BlackElo "1985"]
[BlackRD "85"]
[GameID "75379"]

1. d4 Nf6 2. Bg5 Ne4 3. Bf4 c5 4. f3 Nf6 5. dxc5 Qa5+ 6. Nc3 Qxc5 7. e4 d6 8. Qd2 a6 9. Nge2 Nbd7 10. Be3 Qc7
11. O-O-O e6 12. g4 Nb6 13. Nd4 Be7 14. g5 Nfd7 15. h4 Ne5 16. b3 Bd7 17. Rg1 Rc8 18. Kb2 d5 19. f4 Bb4 20. Ncb5 Bxd2
21. Nxc7+ Rxc7 22. Rxd2 Nc6 23. Nxe6 fxe6 24. Bxb6 Rc8 25. exd5 exd5 26. Rxd5 Be6 27. Rd6 Bf5 28. Bc4 g6 29. Re1+ Ne7 30. Bd4 Rf8
31. Bg7 b5 32. Bd3 Bxd3 33. Bxf8 Rxc2+ 34. Ka3 Kxf8 35. Rxd3 Nc6 36. b4 Rf2 37. Re6 Ne7 38. Rd8+ Kf7 39. Rf6+ Kg7 40. Rdf8
1-0

[Event "warm up to 2000 II"]
[Site "SchemingMind.com"]
[Date "2006.11.06"]
[Round "-"]
[White "keen"]
[Black "Danzino"]
[Result "0-1"]
[WhiteCountry "SCO"]
[BlackCountry "GBR"]
[WhiteElo "1749"]
[WhiteRD "62"]
[BlackElo "1987"]
[BlackRD "88"]
[GameID "75380"]

1. e4 c5 2. Nf3 d6 3. d4 cxd4 4. Nxd4 Nf6 5. Nc3 a6 6. Bg5 e6 7. f4 Qb6 8. Qd2 Qxb2 9. Rb1 Qa3 10. e5 dxe5
11. fxe5 Nfd7 12. Bc4 Qa5 13. Nxe6 fxe6 14. Bxe6 Qxe5+ 15. Qe3 Qxe3+ 16. Bxe3 Nc6 17. Nd5 Bd6 18. O-O Nf6 19. Nb6 Bxe6 20. Nxa8 b5
21. Rbd1 Ke7 22. Nb6 Bxh2+ 23. Kh1 Bd6 24. Bg5 Nb4 25. Rfe1 Rb8 26. Nd5+ Nxd5 27. Rxd5 h6 28. Bxf6+ gxf6 29. a3 Bxa3 30. Rh5 Rh8
31. Rh3 Bd6 32. Rhe3 Be5 33. Ra3 Ra8 34. Rg3 a5 35. Rg7+ Kf8 36. Rg6 a4 37. Rxe5 fxe5 38. Rxe6 a3 39. Rf6+ Ke7 40. Rf1 a2
41. Ra1 Kd6 42. Kg1 Kc5
0-1